Normal view
MARC view
- Reynolds , David S
Entry Personal Name
001 - CONTROL NUMBER
- control field: 134022
003 - CONTROL NUMBER IDENTIFIER
- control field: NUST
005 - DATE AND TIME OF LATEST TRANSACTION
- control field: 20260409131110.0
008 - FIXED-LENGTH DATA ELEMENTS
- fixed length control field: 260409|| aca||aabn | a|a d
040 ## - CATALOGING SOURCE
- Original cataloging agency: NUST
- Transcribing agency: NUST
100 ## - HEADING--PERSONAL NAME
- Personal name: Reynolds , David S
670 ## - SOURCE DATA FOUND
- Source citation: Work cat.: (NUST): Reynolds , David S. , Walt Whitman's America: A Cultural Biography /, 1995.
